| 000 | 00656nam a2200241Ia 4500 | ||
|---|---|---|---|
| 003 | OSt | ||
| 005 | 20221005092918.0 | ||
| 006 | a|||||r|||| 00| 0 | ||
| 007 | ta | ||
| 008 | 221004b |||||||| |||| 00| 0 eng d | ||
| 024 | _a52578 | ||
| 037 | _cTextual | ||
| 040 |
_aCRL _cCRL _beng |
||
| 041 |
_2eng _aeng |
||
| 082 | _aQ7, M1 | ||
| 100 |
_aShaykh Al- Mufid _9617915 |
||
| 245 | 0 |
_aKitab Al-Irshad _b The book of guidance into the lives of the twelve Imams |
|
| 260 |
_aNew York _bTahrike Tarsile _c1981 |
||
| 300 |
_a616p. _ccm. |
||
| 650 | _aRELIGION | ||
| 942 |
_hQ7, M1 _cTEXL _2cc |
||
| 999 |
_c999559 _d999559 |
||